000 00236nam a2200097Ia 4500
001 688148
005 20250826161609.0
008 250824s9999 xx 000 0 und d
245 0 _aZIPIR FINDIK
_cŞEYMA TURHAN
260 _bTİMAŞ YAYINLARI
999 _c688148
_d688148